00471nam a2200109 a 4500008004100000050001900041100003100060245015600091260009200247350000900339650001300348080428s2001 ||||||||||||||||| || u aTHESIS/STUDENT aKashweka, Samuel Mukelabai10aBuilding cost information survices: an evaluation of costs and benefits for the Zambian Construction Industrycthesis supervised by Mr. Matipa, Wilfred aKitwebCopperbelt University, School of Built Environment, Department of Buildingc2001 a0.00 aBUILDING